A great leap forward (Record no. 79594)

MARC details
000 -LEADER
fixed length control field 00900cab a22001935a 4500
001 - CONTROL NUMBER
control field L141813
008 - FIXED-LENGTH DATA ELEMENTS--GENERAL INFORMATION
fixed length control field 071221e20071123xxk f 000 0 eng d
035 ## - SYSTEM CONTROL NUMBER
System control number (Sirsi) u141813
041 0# - LANGUAGE CODE
Language code of text/sound track or separate title eng
100 1# - MAIN ENTRY--PERSONAL NAME
Personal name Le Breton, Matt
245 02 - TITLE STATEMENT
Title A great leap forward
260 ## - PUBLICATION, DISTRIBUTION, ETC.
Date of publication, distribution, etc. 2007
490 ## - SERIES STATEMENT
Series statement New Law Journal
Volume/sequential designation 157(7298) 23 November 2007, 1637-1638(2)
520 ## - SUMMARY, ETC.
Summary, etc. Examines the move of the conveyancing structure towards online transactions. E-conveyancing is becoming more practical and has now been endorsed by the government. Some areas of the industry are advancing faster than others. Covered the provision for integrated searches and self-issue online insurance. Looks at issues involved with choosing an online provider and bespoke services.
590 ## - LOCAL NOTE (RLIN)
Local note KA
651 #4 - SUBJECT ADDED ENTRY--GEOGRAPHIC NAME
Geographic name United Kingdom
Chronological subdivision
690 ## - LOCAL SUBJECT ADDED ENTRY--TOPICAL TERM (OCLC, RLIN)
Topical term or geographic name as entry element PROPERTY-PROPERTY ACQUISITION AND DISPOSAL-CONVEYANCING-ECONVEYANCING
942 ## - ADDED ENTRY ELEMENTS (KOHA)
Suppress in OPAC 0
Holdings
Withdrawn status Lost status Source of classification or shelving scheme Damaged status Not for loan Home library Current library Shelving location Date acquired Total Checkouts Full call number Barcode Date last seen Copy number Price effective from Koha item type
    Dewey Decimal Classification     London London Journal article 21/12/2007   141813 141813-1001 06/08/2019 1 06/08/2019 Journal article